000 00323nam a22001217a 4500
082 _a335.411 USE
100 _aUsenin, V
245 _aSocial Parternership or Class Struggle?
260 _aMoscow
_bPregress Publishers
_c1973
300 _a258pg
_bIll,;21cm
650 _aSocial Parternership or Class Struggle?
942 _cBK
999 _c17666
_d17666